CLINCH THAT DEAL (Record no. 16292)
[ view plain ]
| 000 -LEADER | |
|---|---|
| fixed length control field | 00321nam a2200133Ia 4500 |
| 008 - FIXED-LENGTH DATA ELEMENTS--GENERAL INFORMATION | |
| fixed length control field | 240624s9999 xx 000 0 und d |
| 041 ## - LANGUAGE CODE | |
| Language code of text/sound track or separate title | eng |
| 082 ## - DEWEY DECIMAL CLASSIFICATION NUMBER | |
| Classification number | 158.5 MIL |
| 100 ## - MAIN ENTRY--PERSONAL NAME | |
| Personal name | MILLS HARRY A |
| 245 ## - TITLE STATEMENT | |
| Title | CLINCH THAT DEAL |
| 260 ## - PUBLICATION, DISTRIBUTION, ETC. | |
| Date of publication, distribution, etc. | 1991 |
| Place of publication, distribution, etc. | England |
| Name of publisher, distributor, etc. | Gower |
| 300 ## - PHYSICAL DESCRIPTION | |
| Extent | xii, : 205 : p. : cm. ; 23 |
| 365 ## - TRADE PRICE | |
| Currency code | BPS |
| Price amount | 30 |
| Withdrawn status | Lost status | Damaged status | Not for loan | Home library | Current library | Shelving location | Date acquired | Source of acquisition | Cost, normal purchase price | Full call number | Barcode | Date last seen | Copy number | Price effective from | Koha item type |
|---|---|---|---|---|---|---|---|---|---|---|---|---|---|---|---|
| IMTN | IMTN | Rack 1-B | 01/05/2011 | BB | 12.95 | 158.5 MIL | 16292 | 06/24/2024 | 75.9 | 06/24/2024 | Books |